The new Oxford picture dictionary / (Record no. 741)

MARC details
000 -LEADER
fixed length control field 01379pam a2200373 a 4500
005 - DATE AND TIME OF LATEST TRANSACTION
control field 20260322212032.0
008 - FIXED-LENGTH DATA ELEMENTS--GENERAL INFORMATION
fixed length control field data
010 ## - LIBRARY OF CONGRESS CONTROL NUMBER
LC control number 88034532
020 ## - INTERNATIONAL STANDARD BOOK NUMBER
International Standard Book Number 0194343553
020 ## - INTERNATIONAL STANDARD BOOK NUMBER
International Standard Book Number 9780194343558
040 ## - CATALOGING SOURCE
Original cataloging agency DLC
Transcribing agency DLC
Modifying agency DLC
041 0# - LANGUAGE CODE
Language code of text/sound track or separate title engspa
042 ## - AUTHENTICATION CODE
Authentication code lcac
043 ## - GEOGRAPHIC AREA CODE
Geographic area code n-us---
050 00 - LIBRARY OF CONGRESS CALL NUMBER
Classification number PE2835
Item number .P37 1989
082 00 - DEWEY DECIMAL CLASSIFICATION NUMBER
Classification number 423/.1
Edition information 19
092 ## - LOCALLY ASSIGNED DEWEY CALL NUMBER (OCLC)
Classification number 423.1 P37 1989
001 - CONTROL NUMBER
control field data
100 1# - MAIN ENTRY--PERSONAL NAME
Personal name Parnwell, E. C.
245 14 - TITLE STATEMENT
Title The new Oxford picture dictionary /
Statement of responsibility, etc. E. C. Parnwell, E. C. Parnwell & Raymond Burns.
250 ## - EDITION STATEMENT
Edition statement English/Spanish ed.
260 ## - PUBLICATION, DISTRIBUTION, ETC.
Place of publication, distribution, etc. New York, NY :
Name of publisher, distributor, etc. Oxford University Press,
Date of publication, distribution, etc. 1989.
300 ## - PHYSICAL DESCRIPTION
Extent iii, 144 p. :
Other physical details col. ill. ;
Dimensions 25 cm.
500 ## - GENERAL NOTE
General note Rev. ed. of: Oxford picture dictionary of American English. English/Spanish ed. 1978.
500 ## - GENERAL NOTE
General note Includes index.
520 ## - SUMMARY, ETC.
Summary, etc. Teaches English as a second language to Spanish speakers through the use of pictures dealing with everyday topics such as the body, post office, law, travel, and family.
650 #0 - SUBJECT ADDED ENTRY--TOPICAL TERM
Topical term or geographic name entry element Picture dictionaries, English.
650 #0 - SUBJECT ADDED ENTRY--TOPICAL TERM
Topical term or geographic name entry element English language
Geographic subdivision United States
General subdivision Dictionaries.
650 #0 - SUBJECT ADDED ENTRY--TOPICAL TERM
Topical term or geographic name entry element Americanisms
General subdivision Dictionaries.
650 #0 - SUBJECT ADDED ENTRY--TOPICAL TERM
Topical term or geographic name entry element English language
General subdivision Spanish.
-- Spanish.
650 #1 - SUBJECT ADDED ENTRY--TOPICAL TERM
Topical term or geographic name entry element English language
General subdivision Spanish.
-- Spanish.
700 1# - ADDED ENTRY--PERSONAL NAME
Personal name Parnwell, E. C.
Title of a work Oxford picture dictionary of American English.
700 1# - ADDED ENTRY--PERSONAL NAME
Personal name Burns, Raymond,
Dates associated with a name 1924-
Relator term ill.
Holdings
Withdrawn status Lost status Damaged status Not for loan Home library Current library Shelving location Date acquired Total checkouts Full call number Barcode Date last seen Price effective from Koha item type
        Troy Troy General stacks 22/03/2026   423/.1 19 BC0010760 22/03/2026 22/03/2026 Books